| 000 | 00803cam a2200241 a 4500 | ||
|---|---|---|---|
| 001 | 84710 | ||
| 003 | BD-RjUL | ||
| 005 | 20250220112545.0 | ||
| 008 | 250219s1994 ii b 000 0 urdo | ||
| 020 | _cRs125.00 | ||
| 035 | _a(BD-RjUL) 84710 | ||
| 040 |
_aDLC _cDLC _dDLC _beng |
||
| 041 | _aurd | ||
| 082 |
_223 _a891.43909 _bABQ 1994 |
||
| 100 | 0 |
_aʻAbdulmug̲h̲annī, _d1936-2006. _915055 |
|
| 245 | 1 | 0 |
_aقرۃ العین حیدر کا فن = Qurratulʻain Ḥaidar kā fan / _cعبد المغنی.= Abdul Mughni |
| 260 |
_aNaiʼi Dihlī : _bMauḍarn Pablishing Hāʼūs, _c1994 |
||
| 300 |
_a200 p. ; _c22 cm. |
||
| 500 | _aIn Urdu. | ||
| 504 | _aIncludes bibliographical references. | ||
| 600 | 0 | 0 |
_aQurratulʻain Ḥaidar, _d1927-2007 _xCriticism and interpretation. _915056 |
| 942 |
_2ddc _cBK |
||
| 999 |
_c84710 _d84710 |
||